| 000 | 00531nmm a2200169Ia 4500 | ||
|---|---|---|---|
| 008 | 251105s9999||||xx |||||||||||||||||und|| | ||
| 020 | _a8470309587 | ||
| 041 | _aspa | ||
| 100 | _aNúñez de Arce, Gaspar | ||
| 245 | 0 | _aCrónicas periodísticas de la Guerra de África [1859-1860] | |
| 264 |
_a[Madrid, España] : _bBiblioteca Nueva, _c2003 |
||
| 300 | _a285 páginas | ||
| 490 | _aClásicos de Biblioteca Nueva | ||
| 650 | _aHistory of Europe: Spain | ||
| 856 | _uhttps://public.digitaliapublishing.com/a/4814 | ||
| 942 | _cCF | ||
| 999 |
_c73245 _d73245 |
||